000
00339 a2200157 4500
001
153762
040
_c
Escola São Tomás de Aquino
100
_a
JUNQUEIRA, Sonia
240
1
0
_a
O galo maluco
_l
por
245
1
0
_a
O galo maluco
300
_a
24
362
0
_a
2007
440
1
_a
Ática
697
_a
*LITERATURA JUVENIL
942
_c
BK
999
_c
153762
_d
153762